000 00667nam a2200241Ia 4500
003 OSt
005 20220925172519.0
006 a|||||r|||| 00| 0
007 ta
008 220923b |||||||| |||| 00| 0 eng d
037 _cGeneral Book
040 _aRTL
_cRTL
_beng
041 _2eng
_aeng
082 _aX9(J).2.N75, L5
110 _aINDIAN MERCHANTS CHAMBER
_9241762
245 0 _aAnnual report,1974.
260 _aBombay
_bIndian Merchants chamber
_c1975
300 _axl,400p.
_ccm.
500 _aAppendix :410p.
700 _aINDIAN MERCHANTS CHAMBER
_9241763
942 _hX9(J).2.N75, L5
_cGB
_2CC
999 _c485234
_d485234